000 00831cab a2200253 4500
001 WB3146-16
008 090401t1995 xxu||||| |||| 00| 0 eng d
035 _a(Sirsi) u45704
041 _aeng
245 _aFactors blighting house sales
260 _c1995
350 _a0
490 _aTimes
_v2 December 1995, 36(1)
520 _aHighlights some environmental factors affecting house sales including close proximity of electricity pylons, land contamination, proximity to good schools and amenities and state of repair of property.
650 _aELECTRICITY PYLONS
650 _aELECTRICITY SUBSTATIONS
650 _aENVIRONMENTAL FACTORS
650 _aHOUSE SALES
650 _aLOCAL AMENITIES
650 _aPROPERTY VALUES
690 _aENVIRONMENTAL AND LAND CONSULTANCY
942 _n0
948 _c04/03/1997
999 _c28925
_d28925